000 01149nam a22002537a 4500
003 OSt
005 20210406145252.0
008 210219b xxu dr acd 00| 0 eng d
020 _a9789945015119
040 _aDO-SdBNP
_bspa
_cBNPHU
082 4 _a362.8292
_bE82n
_222
245 0 0 _aEstrategia nacional para abordar el vínculo entre violencia contra la mujer, la niñez y el VIH 2015-2020 /
_cequipo coordinador Nicidad Beltre, Addis Domínguez, Iluminada González ... [et al.]
260 _aSanto Domingo :
_b Ministerio de Salud Pública,
_bFondo de Población de las Naciones Unidas,
_c[2015].
300 _a57 p. :
_bil. ;
_c28 cm.
500 _aIncluye referencias bibliográficas y notas al pie de las páginas.
590 _aInventariado, 2021 /LP
650 4 _aViolencia contra la mujer
_zRepública Dominicana
_y2015-2020
_978182
650 4 _aViolencia conyugal
_zRepública Dominicana
_y2015-2020
_978183
650 4 _aSíndrome de inmunodeficiencia adquirida
_978184
700 1 _aBeltre, Nicidad,
_ecoord.
_977866
700 1 _aDomínguez, Addis,
_ecoord.
_977867
700 1 _aGonzález, Iluminada,
_ecoord.
_977868
942 _2ddc
_cLBS1
999 _c49417
_d49417